000 00450nam a2200181Ia 4500
003 GCL
008 140319s9999 xx 000 0 eng d
040 _aGCL /
_cGCL
082 0 4 _a843
_bC P
100 1 _aCLEZIO, J. M. G.
245 1 0 _aLE PROCES- VERBAL /
_cCLEZIO, J. M. G.
260 _a[S.N] :
_bFOLIO ،
_c1994
300 _a320 P
490 _aCOLLECTION FOLIO
_v0
650 0 4 _aLITERATURE
650 0 4 _aFRENCH LITERATURE
942 _2ddc
_cBK
999 _c21937
_d21937